Produktivita a inovácie dvojmesačník Slovenského centra produktivity

Bibliographic Details
New Title:ProIn
Previous Title:Produktivita
Format: Journal
Language:Slovak
Czech
English
PhysicalDescription:6 zv. 30 cm
Published: Žilina Slovenské centrum produktivity 2006-2012
ISSN:1335-5961
1339-2271
Subjects:
Online Access:www.casopisproin.sk

MARC

LEADER 00000cas a2200000 a 4500
001 vtls008773802
003 SK-MaSNL
005 20260228161056.0
008 150527d20062012xo br|p 0 b0slo
035 |a (SVKBB03)vtls000054952 
040 |a SNK  |b slo  |c SNK  |d SVKBB  |d SAVUK  |e AACR2 
041 0 |a slo  |a cze  |a eng 
044 |a xo  |c SK 
080 |a 050  |2 2001 
080 |a 005.61  |2 2001 
080 |a 334.72  |2 2001 
080 |a 330.341.1  |2 2001 
080 |a 658.5:005.12  |2 2001 
245 0 0 |a Produktivita a inovácie  |b dvojmesačník Slovenského centra produktivity 
260 |a Žilina  |b Slovenské centrum produktivity  |c 2006-2012 
300 |a 6 zv.  |c 30 cm 
362 0 |a Roč. 7, č. 1 (2006)-roč. 13, č. 1 (2012) 
500 |a Reg. č.: MK SR 2290/2000, EV 3524/09 
500 |a Podnázov na obálke od [2010]: prvý časopis o priemyselnom inžinierstve na Slovensku 
546 |a Čiast. text aj čes., angl. 
650 0 7 |a produktivita  |2 SNKPH  |9 14205 
650 0 7 |a podniky  |2 SNKPH  |9 923 
650 0 7 |a inovácie  |2 SNKPH  |9 2291 
650 0 7 |a priemyselné inžinierstvo  |2 SNKPH  |9 69507 
650 0 7 |a Productivity  |2 SNKPHeng  |9 267928 
650 0 7 |a Innovations  |2 SNKPHeng  |9 74114 
650 0 7 |a Business enterprises  |2 SNKPHeng  |9 265529 
650 0 7 |a Production engineering  |2 SNKPHeng  |9 265508 
655 7 |a špecializované časopisy  |2 SNKPH  |9 70509 
655 7 |a journals for special groups of people  |2 SNKPHeng  |9 267201 
710 2 |a Žilinská univerzita v Žiline.  |b Ústav konkurencieschopnosti a inovácií  |4 pbl  |9 175844 
710 2 |a Žilinská univerzita v Žiline.  |b Strojnícka fakulta  |4 pbl  |9 121284 
780 0 0 |t Produktivita  |x 1335-5961  |w vtls001472282 
785 0 0 |t ProIn  |x 1339-2271  |w vtls010579721 
852 |a Štátna vedecká knižnica v Banskej Bystrici 
856 4 |u www.casopisproin.sk 
910 |a snk 
910 |a savuk 
916 |a 2006-2012 
958 |a OND 
999 |c 4235  |d 6165 
952 |0 0  |1 0  |4 0  |7 0  |8 0  |a SNK  |b SNK  |d 2014-12-19  |i snk2014/28282  |l 0  |o snkČSB 5668/13/2012 D1  |p 17A0870841  |r 2026-02-21 20:42:48  |t č. 1  |w 2026-02-21  |y PREZ 
952 |0 0  |1 0  |4 0  |7 0  |8 0  |a SNK  |b SNK  |d 2009-10-08  |f 1  |i snk2009/18246  |l 0  |o snkČSB 5668/7/2006  |p 17A0609798  |r 2026-02-21 21:12:55  |t č. 1-6  |w 2026-02-21  |y PREZ 
952 |0 0  |1 0  |4 0  |7 0  |8 0  |a SNK  |b SNK  |d 2009-10-08  |i snk2009/18247  |l 0  |o snkČSB 5668/7/2006 D1  |p 17A0609799  |r 2026-02-21 21:12:55  |t č. 1-6  |w 2026-02-21  |y PREZ 
952 |0 0  |1 0  |4 0  |7 0  |8 0  |a SNK  |b SNK  |d 2009-10-08  |f 1  |i snk2009/18248  |l 0  |o snkČSB 5668/8/2007  |p 17A0609800  |r 2026-02-21 21:12:55  |t č. 1-6  |w 2026-02-21  |y PREZ 
952 |0 0  |1 0  |4 0  |7 0  |8 0  |a SNK  |b SNK  |d 2009-10-08  |i snk2009/18249  |l 0  |o snkČSB 5668/8/2007 D1  |p 17A0609801  |r 2026-02-21 21:12:55  |t č. 1-6  |w 2026-02-21  |y PREZ 
952 |0 0  |1 0  |4 0  |7 0  |8 0  |a SNK  |b SNK  |d 2013-10-03  |f 1  |i snk2013/23541  |l 0  |o snkČSB 5668/13/2012  |p 17A1085955  |r 2026-02-21 21:14:11  |t č. 1  |w 2026-02-21  |y PREZ 
952 |0 0  |1 0  |4 0  |7 0  |8 0  |a SNK  |b SNK  |d 2013-10-03  |f 1  |i snk2013/23527  |l 0  |o snkČSB 5668/9/2008  |p 17A1085947  |r 2026-02-21 21:24:42  |t č. 1-6  |w 2026-02-21  |y PREZ 
952 |0 0  |1 0  |4 0  |7 0  |8 0  |a SNK  |b SNK  |d 2013-10-03  |i snk2013/23534  |l 0  |o snkČSB 5668/9/2008 D1  |p 17A1085949  |r 2026-02-21 21:24:44  |t č. 1-6  |w 2026-02-21  |y PREZ 
952 |0 0  |1 0  |4 0  |7 0  |8 0  |a SNK  |b SNK  |d 2013-10-03  |f 1  |i snk2013/23535  |l 0  |o snkČSB 5668/10/2009  |p 17A1085948  |r 2026-02-21 21:24:46  |t č. 1-6  |w 2026-02-21  |y PREZ 
952 |0 0  |1 0  |4 0  |7 0  |8 0  |a SNK  |b SNK  |d 2013-10-03  |i snk2013/23536  |l 0  |o snkČSB 5668/10/2009 D1  |p 17A1085950  |r 2026-02-21 21:24:46  |t č. 1-6  |w 2026-02-21  |y PREZ 
952 |0 0  |1 0  |4 0  |7 0  |8 0  |a SNK  |b SNK  |d 2013-10-03  |f 1  |i snk2013/23537  |l 0  |o snkČSB 5668/11/2010  |p 17A1085951  |r 2026-02-21 21:24:46  |t č. 1-6  |w 2026-02-21  |y PREZ 
952 |0 0  |1 0  |4 0  |7 0  |8 0  |a SNK  |b SNK  |d 2013-10-03  |i snk2013/23538  |l 0  |o snkČSB 5668/11/2010 D1  |p 17A1085952  |r 2026-02-21 21:24:46  |t č. 1-6  |w 2026-02-21  |y PREZ 
952 |0 0  |1 0  |4 0  |7 0  |8 0  |a SNK  |b SNK  |d 2013-10-03  |f 1  |i snk2013/23539  |l 0  |o snkČSB 5668/12/2011  |p 17A1085953  |r 2026-02-21 21:24:46  |t č. 1-6  |w 2026-02-21  |y PREZ 
952 |0 0  |1 0  |4 0  |7 0  |8 0  |a SNK  |b SNK  |d 2013-10-03  |i snk2013/23540  |l 0  |o snkČSB 5668/12/2011 D1  |p 17A1085954  |r 2026-02-21 21:24:46  |t č. 1-6, neúpl.  |w 2026-02-21  |y PREZ  |z chýba č. 5